01071cam a2200301 a 4500999001700000001000800017003000400025005001700029008004100046010001700087020004100104025001400145040001900159043001200178050002500190082002300215100003200238245005500270260004200325300002700367500008100394500006000475504005500535650004300590651003900633906004500672942005200717 c21105d211051049660OSt20200615133510.0900202s1989 ii b 001 0 eng  a 89905665  a8170222826 :cRs175.00 ($35.00 U.S.) aI E 61005 aDLCcoclcdDLC aa-ii---00aBL2747.8b.M384 198900a306.6095483bMAT/C aMathew, Georged1943-9291110aCommunal road to a secular Kerala /cGeorge Mathew aNew Delhi :bConcept Pub. Co.,c1989. axiii, 239 p. ;c22 cm. aRevision of the author's thesis (Ph. D.--Jawaharlal Nehru University, 1980). aBased on empirical data relating to Travancore, Kerala. aIncludes bibliographical references (p. [215]-233) 0aReligion and sociologyzIndiazKerala. 0aKerala (India)xSocial conditions. a7bcbccorignewd3encipf19gy-gencatlg 2ddccBKh306.6095483iMAT/Ck306.6095483mMAT/C